| 000 | 00517cam a22002171 4500 | ||
|---|---|---|---|
| 001 | sa 68018468 | ||
| 003 | DLC | ||
| 005 | 20260227112712.0 | ||
| 008 | 890514m19689999xx 000 0 urdo | ||
| 010 | _asa 68018468 | ||
| 035 | _a(OCoLC)23541904 | ||
| 040 |
_aDLC _cMiU _dDLC |
||
| 042 | _apremarc | ||
| 050 | 0 | 0 |
_aBP130.4 _b.A29 |
| 100 | 0 |
_aAbdul Majid, _d1892-1977. |
|
| 245 | 1 | 0 | _aTafsīr-i Qurʼān. |
| 260 | _c[1968-] | ||
| 300 |
_av. _c28 cm. |
||
| 500 | _aRomanized. | ||
| 630 | 0 | 0 |
_aQurʼan _xCommentaries. |
| 999 |
_c88443 _d88443 |
||